000 00550nam a2200169Ia 4500
008 090201s9999 xx 000 0 und d
010 _aKPL-9304
040 _bमराठी
041 _aमराठी
082 _a41614
_b9304
100 _aगो ना दातार
245 _aविलास मंर्डर
_cगो ना दातार
260 _c2004
_bमहाराष्ट्र ग्रंथ भांडार.
300 _a547
_bमोठा
600 _aविलास मंर्डर
942 _cBOOK
999 _c238796
_d238796